От застоя к росту. Как раскрыть и развить в себе потенциал бизнес-лидера: пер. с англ.

Opis bibliograficzny
1. autor: Маданес И. Иехезкель
Kolejni autorzy: Маданес Р. Рут
Streszczenie:Это книга о мощной методике, сочетающей в себе модель ролей PAEI Адизеса и типологию личностей по эннеаграммам, которая поможет раскрыть ваш потенциал руководителя.Расширив знания о себе с помощью эннеаграммы, вы сможете сопоставить их с моделью PAEI Адизеса и создать сильную взаимодополняющую команду руководителей.Книга состоит из трех частей:• часть I знакомит читателя с основами эннеаграммы, а также четырьмя PAEI ролями и областями их применения;• часть II подробно объясняет суть модели, которая позволит вам в повсе­дневных делах делать выбор сознательно;• часть III разбита на девять глав, каждая из которых посвящена отдельному типу личности. В этой части вы узнаете, как применить методику на прак­тике. В каждой главе вы найдете стратегию, которую сможете применить непосредственно в своей профессиональной жизни.
Język:rosyjski
Wydane: Москва, Манн, Иванов и Фербер, 2015
Hasła przedmiotowe:
Format: Książka
KOHA link:https://koha.lib.tpu.ru/cgi-bin/koha/opac-detail.pl?biblionumber=293198

MARC

LEADER 00000nam0a2200000 4500
001 293198
005 20231102000553.0
010 |a 9785000574201 
035 |a (RuTPU)RU\TPU\book\318163 
090 |a 293198 
100 |a 20150429d2015 km y0rusy50 ca 
101 1 |a rus  |c eng 
102 |a RU 
105 |a y z 000zy 
200 1 |a От застоя к росту. Как раскрыть и развить в себе потенциал бизнес-лидера  |e пер. с англ.  |f И. Маданес, Р. Маданес 
210 |a Москва  |c Манн, Иванов и Фербер  |d 2015 
215 |a 234 с. 
330 |a Это книга о мощной методике, сочетающей в себе модель ролей PAEI Адизеса и типологию личностей по эннеаграммам, которая поможет раскрыть ваш потенциал руководителя.Расширив знания о себе с помощью эннеаграммы, вы сможете сопоставить их с моделью PAEI Адизеса и создать сильную взаимодополняющую команду руководителей.Книга состоит из трех частей:• часть I знакомит читателя с основами эннеаграммы, а также четырьмя PAEI ролями и областями их применения;• часть II подробно объясняет суть модели, которая позволит вам в повсе­дневных делах делать выбор сознательно;• часть III разбита на девять глав, каждая из которых посвящена отдельному типу личности. В этой части вы узнаете, как применить методику на прак­тике. В каждой главе вы найдете стратегию, которую сможете применить непосредственно в своей профессиональной жизни. 
606 1 |a Лидерство  |x Психология  |2 stltpush  |3 (RuTPU)RU\TPU\subj\69873  |9 84547 
610 1 |a психология 
610 1 |a личность 
610 1 |a управление 
610 1 |a эннеаграммы 
610 1 |a психологические тесты 
610 1 |a лидеры 
610 1 |a ролевые модели 
610 1 |a стили управления 
610 1 |a эннеатипы 
610 1 |a коучинг 
610 1 |a психологические типы 
610 1 |a модель RAEI 
686 |a Ю954  |v LBC/SL-A  |2 rubbk 
700 1 |a Маданес  |b И.  |g Иехезкель 
701 1 |a Маданес  |b Р.  |g Рут 
801 1 |a RU  |b 63413507  |c 20150429 
801 2 |a RU  |b 63413507  |c 20150820  |g RCR 
942 |c BK 
959 |a 64/20150429  |d 1  |e 626,00  |f ЧЗГЛ:1